[Maťašovský, Ján]

Zobrazenie: Podobizeň župného notára, advokáta v Trenčíne, národovca Jána Maťašovského z roku 1887.

Bibliographic Details
Other Authors: Faden, Michal, 1865-1936 (Photographer)
Format: Photo
Language:Slovak
PhysicalDescription:1 fotografia v hnedom tóne 17 x 11 cm
Published: [S.l. s.n.] [1887]
Subjects:

MARC

LEADER 00000nkmaa2200000 a 4500
001 vtls011923057
003 SK-MaSNL
005 20260331211304.0
007 kh ao
008 230802s1887 xo | |||0 k|slo
035 |a 39F218D1-9888-4030-91B8-1665F4FA4AA7 
035 |a urn:nbn:sk:snk-km43hzh 
035 |a urn:nbn:sk:snk-km00e7qm 
040 |a SNKLA  |b slo  |c SNKLA  |e AACR2 
041 0 |a slo 
044 |a xo  |c SK 
100 1 |a Faden, Michal,  |d 1865-1936  |4 pht  |9 188550 
245 1 0 |a [Maťašovský, Ján]  |h grafika 
260 |a [S.l.  |b s.n.]  |c [1887] 
300 |a 1 fotografia  |b v hnedom tóne  |c 17 x 11 cm 
520 2 |a Zobrazenie: Podobizeň župného notára, advokáta v Trenčíne, národovca Jána Maťašovského z roku 1887. 
600 1 7 |a Maťašovský, Ján  |2 SNKMA  |9 504622 
655 7 |a portrétne fotografie  |2 SNKPH  |9 305796 
852 7 |a Slovenská národná knižnica  |b Literárny archív 
958 |a ZO 
958 |a BLA 
999 |c 779337  |d 781267 
952 |a SNKLA  |b SNKLA  |c SNKLA_DEP  |y NEVYP  |7 0  |p 17A1310810  |o snkSM 23/2  |i snkLA 3688/1955  |0 0  |1 0  |4 0  |d 2020-03-10  |f 1  |l 0  |r 2026-02-24 01:00:23  |w 2026-02-24